00632caa a22001572a 4500001000900000003001100009008004300020092001400063100001900077245008200096300001300178500011500191942000900306999001700315773014200332 020357 AR-FADEU 311216n########xxu####################dd a415bC574 aKayne, Richard aSome notes on comparative synax, with special reference to english and french aPP. 3-69 aEn: The Oxford handbook of comparative syntax / ed. Guglielmo Cinque. New York : Oxford University Press, 2005 cBDGR c26081d260810 026080925106aCinque, Guglielmo, ed.bdNew Yorko05365tThe Oxford handbook of comparative syntaxw( AR-FADEU) 020356xz0-19-513650-0